| 000 | 00399nam a2200169Ia 4500 | ||
|---|---|---|---|
| 008 | 230524s9999 xx 000 0 und d | ||
| 082 |
_a621.382 _bNAG |
||
| 100 | _aI.J.Nagrath | ||
| 245 | 0 | _aControl Systems Engineering | |
| 250 | _a4TH | ||
| 260 |
_aNEW DELHI _bNAI _c2005 |
||
| 300 | _aXIII;843 | ||
| 500 | _aQuantity Number: 97 | ||
| 650 | _aElectrical | ||
| 700 | _a M.Gopal | ||
| 942 | _cBK | ||
| 999 |
_c31801 _d31801 |
||